000 00923nam a22002657a 4500
999 _c216521
_d216521
005 20260328123246.0
008 260328b ||||| |||| 00| 0 eng d
020 _a0387949585
040 _aLC
_cUNZA
_eRDA
050 _aRC 48
_bFAM 1998
245 _aFamily medicine :
_bprinciples and practice /
_cRobert B. Taylor, editor; Associate editors, Alan K. David; Thomas A. Johnson, Jr.; D. Melessa Phillips [and 1 other].
250 _aFifth edition.
260 _aNew York :
_bSpringer,
_c1998.
300 _axxx, 1191 pages :
_billustrations.
336 _aText
337 _aUnmediated
338 _aVolume
504 _aIncludes bibliographical references and index.
650 _aFamily medicine.
700 _aTaylor, Robert B.
_eeditor
700 _aDavid, Alan K.
_eassociate editor
700 _aJohnson, Thomas A.
_eassociate editor
700 _aPhillips, D. Melessa
_eassociate editor
942 _cBOOK